<?xml version="1.0" encoding="UTF-8"?>
<record
    xmlns:xsi="http://www.w3.org/2001/XMLSchema-instance"
    xsi:schemaLocation="http://www.loc.gov/MARC21/slim http://www.loc.gov/standards/marcxml/schema/MARC21slim.xsd"
    xmlns="http://www.loc.gov/MARC21/slim">

  <leader>02133nam a2200301Ia 4500</leader>
  <controlfield tag="003">OSt</controlfield>
  <controlfield tag="005">20210719103835.0</controlfield>
  <controlfield tag="008">130821s1993    ck     gr           spa  </controlfield>
  <datafield tag="020" ind1=" " ind2=" ">
    <subfield code="a">9586014258</subfield>
  </datafield>
  <datafield tag="040" ind1=" " ind2=" ">
    <subfield code="a">Co-BoUCM</subfield>
    <subfield code="b">spa</subfield>
    <subfield code="c">CO-JMCR</subfield>
  </datafield>
  <datafield tag="041" ind1="0" ind2=" ">
    <subfield code="a">spa</subfield>
  </datafield>
  <datafield tag="082" ind1="0" ind2="4">
    <subfield code="a">332.042 / </subfield>
    <subfield code="b">C911m</subfield>
    <subfield code="2">23</subfield>
  </datafield>
  <datafield tag="100" ind1="1" ind2=" ">
    <subfield code="a">C&#xE1;rdenas S., Mauricio, </subfield>
    <subfield code="e">autor</subfield>
    <subfield code="9">6536</subfield>
  </datafield>
  <datafield tag="245" ind1="1" ind2="0">
    <subfield code="a">Macroeconom&#xED;a de los flujos de capital /</subfield>
    <subfield code="c">Mauricio C&#xE1;rdenas S., Luis Jorge Garay S, compiladores</subfield>
  </datafield>
  <datafield tag="250" ind1=" " ind2=" ">
    <subfield code="a">Primera edici&#xF3;n</subfield>
  </datafield>
  <datafield tag="260" ind1=" " ind2=" ">
    <subfield code="a">Bogot&#xE1; : </subfield>
    <subfield code="b">Tercer Mundo, </subfield>
    <subfield code="c">1993.</subfield>
  </datafield>
  <datafield tag="300" ind1=" " ind2=" ">
    <subfield code="a">335 p&#xE1;ginas ; </subfield>
    <subfield code="c">24 cm. </subfield>
  </datafield>
  <datafield tag="501" ind1=" " ind2=" ">
    <subfield code="a">Con: bibliograf&#xED;a a pie de pagina. </subfield>
  </datafield>
  <datafield tag="505" ind1="0" ind2=" ">
    <subfield code="t">Afluencia de capital y apreciaci&#xF3;n del tipo de cambio real en am&#xE9;rica latina: el papel de los factores externos. / </subfield>
    <subfield code="r">Guillermo A. Calvo ; 
</subfield>
    <subfield code="r">Leonardo Leiderman ; </subfield>
    <subfield code="r">Carmen M. Reinhart, -- </subfield>
    <subfield code="t">An&#xE1;lisis recientes sobre el ingreso de capitales en pa&#xED;ses en desarrollo. (una s&#xED;ntesis reflexiva). / 
</subfield>
    <subfield code="r">Luis Jorge Garay Salamanca. -- </subfield>
    <subfield code="t">Flujos de capitales y mecanismos de estabilizaci&#xF3;n macroecon&#xF3;mica en Colombia: 1991-1992. / </subfield>
    <subfield code="r">Mauricio C&#xE1;rdenas S. -- </subfield>
    <subfield code="t">Acumulaci&#xF3;n de reservas y pol&#xED;tica macroecon&#xF3;mica: Colombia 1990-1992. / </subfield>
    <subfield code="r">Alberto Carrasquilla B. -- </subfield>
    <subfield code="t">Movilidad de capitales en la econom&#xED;a colombiana. / </subfield>
    <subfield code="r">Santiago Herrera. -- </subfield>
    <subfield code="t">Flujos de capital y expectativas de devaluaci&#xF3;n / </subfield>
    <subfield code="r">Roberto Steiner ; </subfield>
    <subfield code="r">Rodrigo Suesc&#xFA;n ; </subfield>
    <subfield code="r">Fernando Melo. -- </subfield>
    <subfield code="t">Entrada de capitales, diferenciales de inter&#xE9;s y narcotr&#xE1;fico. / </subfield>
    <subfield code="r">Miguel Urrutia ; 
</subfield>
    <subfield code="r">Adriana Pont&#xF3;n. -- </subfield>
    <subfield code="t">Flujos de capital y diferencial de intereses en Colombia: &#xBF;cu&#xE1;l es la causalidad?. / </subfield>
    <subfield code="r">Andr&#xE9;s O'Byrne ; </subfield>
    <subfield code="r">Mauricio Reina.  -- </subfield>
    <subfield code="t">En torno al comportamiento cambiario y a la estabilizaci&#xF3;n macroecon&#xF3;mica en Colombia. Enero 1991 - julio 1992. / 
</subfield>
    <subfield code="r">Luis Jorge Garay Salamanca.</subfield>
  </datafield>
  <datafield tag="650" ind1="0" ind2="4">
    <subfield code="a">Estabilidad econm&#x324;ica</subfield>
    <subfield code="9">14967</subfield>
  </datafield>
  <datafield tag="650" ind1="0" ind2="4">
    <subfield code="a">Finanzas</subfield>
    <subfield code="9">7628</subfield>
  </datafield>
  <datafield tag="650" ind1="0" ind2="4">
    <subfield code="a">Macroeconoma&#x315;</subfield>
    <subfield code="9">18838</subfield>
  </datafield>
  <datafield tag="650" ind1="0" ind2="4">
    <subfield code="a">Mercado de capitales</subfield>
    <subfield code="9">19335</subfield>
  </datafield>
  <datafield tag="650" ind1="0" ind2="4">
    <subfield code="a">Polt&#x315;ica monetaria</subfield>
    <subfield code="z">Colombia</subfield>
    <subfield code="9">22001</subfield>
  </datafield>
  <datafield tag="651" ind1=" " ind2=" ">
    <subfield code="a">Colombia</subfield>
    <subfield code="x">Polt&#x315;ica econm&#x324;ica</subfield>
    <subfield code="9">26606</subfield>
  </datafield>
  <datafield tag="700" ind1="1" ind2=" ">
    <subfield code="a">Garay S., Luis Jorge.</subfield>
    <subfield code="e">Compilador</subfield>
    <subfield code="9">35682</subfield>
  </datafield>
  <datafield tag="942" ind1=" " ind2=" ">
    <subfield code="2">ddc</subfield>
    <subfield code="c">BK</subfield>
  </datafield>
  <datafield tag="999" ind1=" " ind2=" ">
    <subfield code="c">11949</subfield>
    <subfield code="d">11949</subfield>
  </datafield>
  <datafield tag="952" ind1=" " ind2=" ">
    <subfield code="0">0</subfield>
    <subfield code="1">0</subfield>
    <subfield code="2">ddc</subfield>
    <subfield code="4">0</subfield>
    <subfield code="7">0</subfield>
    <subfield code="a">CPL</subfield>
    <subfield code="b">CPL</subfield>
    <subfield code="c">GEN</subfield>
    <subfield code="d">2018-04-15</subfield>
    <subfield code="e">Donaci&#xF3;n</subfield>
    <subfield code="o">332.042 / C911m</subfield>
    <subfield code="p">430003138</subfield>
    <subfield code="r">2024-05-16 00:00:00</subfield>
    <subfield code="t">Ej.1</subfield>
    <subfield code="w">2021-03-10</subfield>
    <subfield code="y">BK</subfield>
  </datafield>
  <datafield tag="952" ind1=" " ind2=" ">
    <subfield code="0">0</subfield>
    <subfield code="1">0</subfield>
    <subfield code="2">ddc</subfield>
    <subfield code="4">0</subfield>
    <subfield code="7">0</subfield>
    <subfield code="a">CPL</subfield>
    <subfield code="b">CPL</subfield>
    <subfield code="c">GEN</subfield>
    <subfield code="d">2018-04-15</subfield>
    <subfield code="e">Donaci&#xF3;n</subfield>
    <subfield code="l">1</subfield>
    <subfield code="o">332.042 / C911m</subfield>
    <subfield code="p">430003137</subfield>
    <subfield code="r">2025-05-13 09:11:47</subfield>
    <subfield code="s">2025-05-12</subfield>
    <subfield code="t">Ej.2</subfield>
    <subfield code="w">2021-03-10</subfield>
    <subfield code="y">BK</subfield>
  </datafield>
</record>
